Statistics for Alola Pokédex Quiz (USUM)

Click here to take the quiz!

General Stats

  • This quiz has been taken 393 times
  • The average score is 313 of 403

Answer Stats

HintAnswer% Correct
008Brionne
95%
004Litten
95%
007Popplio
95%
001Rowlet
95%
002Dartrix
94%
003Decidueye
94%
006Incineroar
94%
009Primarina
94%
005Torracat
94%
034Grubbin
92%
032Pikachu
92%
010Pikipek
92%
015Rattata
92%
013Yungoos
92%
014Gumshoos
91%
033Raichu
91%
016Raticate
91%
012Toucannon
91%
031Pichu
90%
011Trumbeak
90%
035Charjabug
89%
036Vikavolt
89%
153Eevee
88%
156Flareon
88%
073Gastly
88%
074Haunter
88%
155Jolteon
88%
052Meowth
88%
161Sylveon
88%
158Umbreon
88%
330Vulpix
88%
019Butterfree
87%
017Caterpie
87%
157Espeon
87%
075Gengar
87%
057Grimer
87%
159Leafeon
87%
390Lunala
87%
119Machamp
87%
118Machoke
87%
117Machop
87%
111Magikarp
87%
198Marowak
87%
018Metapod
87%
058Muk
87%
331Ninetales
87%
053Persian
87%
126Rockruff
87%
389Solgaleo
87%
154Vaporeon
87%
049Abra
86%
051Alakazam
86%
394Buzzwole
86%
387Cosmog
86%
085Diglett
86%
160Glaceon
86%
050Kadabra
86%
127Lycanroc
86%
054Magnemite
86%
055Magneton
86%
197Cubone
85%
086Dugtrio
85%
112Gyarados
85%
056Magnezone
85%
196Salazzle
85%
043Snorlax
85%
037Bonsly
84%
388Cosmoem
84%
298Geodude
84%
081Golbat
84%
300Golem
84%
398Kartana
84%
315Mimikyu
84%
165Mudbray
84%
042Munchlax
84%
195Salandit
84%
328Sandshrew
84%
329Sandslash
84%
292Togedemaru
84%
080Zubat
84%
023Ariados
83%
147Bagon
83%
278Beldum
83%
040Chansey
83%
082Crobat
83%
299Graveler
83%
399Guzzlord
83%
021Ledian
83%
020Ledyba
83%
177Lurantis
83%
201Magmar
83%
166Mudsdale
83%
400Necrozma
83%
149Salamence
83%
148Shelgon
83%
022Spinarak
83%
038Sudowoodo
83%
383Tapu Koko
83%
384Tapu Lele
83%
170Tauros
83%
041Blissey
82%
272Cleffa
82%
356Exeggutor
82%
069Hariyama
82%
200Magby
82%
202Magmortar
82%
068Makuhita
82%
280Metagross
82%
279Metang
82%
097Oricorio
82%
261Poipole
82%
099Ribombee
82%
124Sableye
82%
045Slowbro
82%
046Slowking
82%
044Slowpoke
82%
208Steenee
82%
385Tapu Bulu
82%
386Tapu Fini
82%
396Xurkitree
82%
175Araquanid
81%
207Bounsweet
81%
274Clefable
81%
273Clefairy
81%
071Crabrawler
81%
098Cutiefly
81%
174Dewpider
81%
296Electabuzz
81%
295Elekid
81%
088Fearow
81%
176Fomantis
81%
039Happiny
81%
363Kommo-o
81%
402Marshadow
81%
372Misdreavus
81%
373Mismagius
81%
262Naganadel
81%
395Pheromosa
81%
087Spearow
81%
392Stakataka
81%
209Tsareena
81%
133Wishiwashi
81%
403Zeraora
81%
065Arcanine
80%
393Blacephalon
80%
210Comfey
80%
297Electivire
80%
355Exeggcute
80%
064Growlithe
80%
079Honchkrow
80%
168Jigglypuff
80%
353Lapras
80%
288Turtonator
80%
397Celesteela
79%
072Crabominable
79%
380Dragonair
79%
381Dragonite
79%
321Drampa
79%
379Dratini
79%
222Golisopod
79%
167Igglybuff
79%
361Jangmo-o
79%
231Lileep
79%
401Magearna
79%
125Mawile
79%
277Minior
79%
078Murkrow
79%
391Nihilego
79%
169Wigglytuff
79%
221Wimpod
79%
239Archen
78%
240Archeops
78%
135Corsola
78%
232Cradily
78%
308Gabite
78%
309Garchomp
78%
219Goodra
78%
217Goomy
78%
110Jynx
78%
247Larvitar
78%
136Mareanie
78%
171Miltank
78%
060Mr. Mime
78%
211Pinsir
78%
182Poliwag
78%
183Poliwhirl
78%
184Poliwrath
78%
225Sandygast
78%
260Silvally
78%
218Sliggoo
78%
323Snorunt
78%
259Type: Null
78%
249Tyranitar
78%
028Zorua
78%
062Arbok
77%
234Armaldo
77%
238Bastiodon
77%
090Braviary
77%
024Buneary
77%
123Carbink
77%
242Carracosta
77%
235Cranidos
77%
077Drifblim
77%
076Drifloon
77%
061Ekans
77%
325Froslass
77%
307Gible
77%
324Glalie
77%
186Goldeen
77%
108Golduck
77%
362Hakamo-o
77%
199Kangaskhan
77%
025Lopunny
77%
092Mandibuzz
77%
059Mime Jr.
77%
083Noibat
77%
084Noivern
77%
215Oranguru
77%
226Palossand
77%
048Pelipper
77%
107Psyduck
77%
248Pupitar
77%
236Rampardos
77%
089Rufflet
77%
366Scizor
77%
365Scyther
77%
187Seaking
77%
346Sharpedo
77%
270Skarmory
77%
070Smeargle
77%
109Smoochum
77%
224Starmie
77%
223Staryu
77%
241Tirtouga
77%
137Toxapex
77%
244Tyrantrum
77%
243Tyrunt
77%
091Vullaby
77%
047Wingull
77%
029Zoroark
77%
245Amaura
76%
233Anorith
76%
317Banette
76%
206Bewear
76%
121Boldore
76%
122Gigalith
76%
151Herdier
76%
026Inkay
76%
150Lillipup
76%
146Mantine
76%
145Mantyke
76%
216Passimian
76%
185Politoed
76%
256Pyukumuku
76%
120Roggenrola
76%
237Shieldon
76%
316Shuppet
76%
152Stoutland
76%
205Stufful
76%
194Talonflame
76%
304Trapinch
76%
382Aerodactyl
75%
246Aurorus
75%
345Carvanha
75%
131Finneon
75%
193Fletchinder
75%
192Fletchling
75%
306Flygon
75%
367Heracross
75%
229Kabuto
75%
230Kabutops
75%
132Lumineon
75%
027Malamar
75%
254Nosepass
75%
227Omanyte
75%
228Omastar
75%
255Probopass
75%
305Vibrava
75%
113Barboach
74%
320Bruxish
74%
220Castform
74%
140Clamperl
74%
271Ditto
74%
063Dunsparce
74%
142Gorebyss
74%
141Huntail
74%
104Lilligant
74%
378Lucario
74%
173Masquerain
74%
178Morelull
74%
144Octillery
74%
103Petilil
74%
143Remoraid
74%
377Riolu
74%
179Shiinotic
74%
172Surskit
74%
351Wailmer
74%
352Wailord
74%
114Whiscash
74%
322Absol
73%
139Cloyster
73%
291Dedenne
73%
116Dewgong
73%
344Dhelmise
73%
189Feebas
73%
318Frillish
73%
342Gastrodon
73%
096Hawlucha
73%
319Jellicent
73%
286Komala
73%
134Luvdisc
73%
093Mankey
73%
190Milotic
73%
094Primeape
73%
115Seel
73%
138Shellder
73%
341Shellos
73%
066Drowzee
72%
364Emolga
72%
100Flabébé
72%
102Florges
72%
030Furfrou
72%
312Golett
72%
313Golurk
72%
067Hypno
72%
180Paras
72%
181Parasect
72%
326Sneasel
72%
128Spinda
72%
129Tentacool
72%
130Tentacruel
72%
287Torkoal
72%
327Weavile
72%
191Alomomola
71%
105Cottonee
71%
095Delibird
71%
101Floette
71%
290Houndoom
71%
289Houndour
71%
214Kecleon
71%
302Krokorok
71%
303Krookodile
71%
162Mareep
71%
250Phantump
71%
301Sandile
71%
106Whimsicott
71%
164Ampharos
70%
257Chinchou
70%
163Flaaffy
70%
258Lanturn
70%
251Trevenant
70%
265Garbodor
69%
340Granbull
69%
212Hoothoot
69%
314Klefki
69%
213Noctowl
69%
339Snubbull
69%
264Trubbish
69%
188Basculin
68%
281Porygon
68%
282Porygon2
68%
283Porygon-Z
68%
343Relicanth
68%
333Vanillish
68%
332Vanillite
68%
334Vanilluxe
68%
357Corphish
67%
358Crawdaunt
67%
293Electrike
67%
375Lickitung
67%
294Manectric
67%
338Bisharp
66%
348Dragalge
66%
203Larvesta
66%
376Lickilicky
66%
284Pancham
66%
285Pangoro
66%
337Pawniard
66%
371Pyroar
66%
347Skrelp
66%
204Volcarona
66%
276Beheeyem
65%
349Clauncher
65%
350Clawitzer
65%
275Elgyem
65%
370Litleo
65%
310Baltoy
64%
311Claydol
64%
374Druddigon
64%
354Tropius
64%
269Forretress
62%
359Mienfoo
62%
268Pineco
62%
263Zygarde
62%
368Aipom
61%
369Ambipom
61%
360Mienshao
61%
266Minccino
60%
267Cinccino
59%
252Natu
59%
253Xatu
59%
336Scrafty
58%
335Scraggy
58%

Score Distribution

Percentile by Number Answered

Percent of People with Each Score

Your Score History

You have not taken this quiz